000 00243nam a2200097Ia 4500
001 689976
005 20250826161807.0
008 250824s9999 xx 000 0 und d
245 0 _aKANADI KIRIK KUŞLAR
_cAYŞE KULİN
260 _bEVEREST YAYINLARI
999 _c689976
_d689976